Real Countries – Sudden Death - Statistics

General Stats
  • This quiz has been taken 2,644 times
  • The average score is 3 of 15
Answers on the Grid
Answers color-coded by a green-red scale on the quiz's grid according to % correct below.
Ankh-Morpork
Armenia
Bosnia and Herzegovinia
Christmas Island
Columbia
Cộng hòa Xã hội chủ nghĩa Việt Nam
Curaçao
Czechia
Democratic People's Republic of the Congo
Djibouti
Finland
Gondor
Jamaica
Kiribati
Kuwait
Kyrgyzstan
Liechtenstein
Nauru
Northern Cyprus
Paragauy
Puerto Rico
Redonda
Republic of Korea
Republic of Türkiye
Russia
Saint Vincent and the Greriadines
São Tomé and Príncipe
South Macedonia
Tahiti
United Slates of America
 
Answer Stats
Answer % Correct
Armenia
88%
Jamaica
22%
Djibouti
20%
Finland
20%
Kyrgyzstan
19%
Russia
18%
Kiribati
17%
Kuwait
16%
Liechtenstein
16%
Czechia is an officially valid name for the Czech Republic. Czechia
14%
Nauru
13%
São Tomé and Príncipe
9%
South Korea's official name Republic of Korea
3%
Full official name of Vietnam, written in Vietnamese Cộng hòa Xã hội chủ nghĩa Việt Nam
2%
Turkey's official and updated name Republic of Türkiye
2%
No matching quizzes found
Score Distribution
Percent of People with Each Score
Percentile by Number Answered
Your Score History
You have not taken this quiz